000 00710cam a22002411 4500
001 42591
090 _a42591
100 _a19940312g1984 km y0pory5003 ba
101 1 _apor
102 _aPT
200 1 _aTeoria e prática de contabilidade e gestão
_fM. W. E. Glautier, B. Underdown
_gtrad. de Natercia Barros
210 _aPorto
_cRés-Editora
_d1984
215 _a2 vol.
_d22 cm
225 2 _aEspiral.
_iArea de Gestão
327 1 _a1<U+00BA> vol, 486 p.
_a2<U+00BA> vol. 487-893 [2] p.
675 _a657.1
_vBN
_zpor
675 _a657.4
_vBN
_zpor
675 _a658.15
_vBN
_zpor
700 1 _aGlautier
_bM. W. E.
701 1 _aUnderdown
_bB.
_4070
801 0 _aPT
_bCMVRB
_gRPC
801 0 _aPT
_bCMVRB
_gRPC
990 _cLIVROS